| 000 | 01157nam a22002537a 4500 | ||
|---|---|---|---|
| 001 | 54475 | ||
| 003 | BD-RjUL | ||
| 005 | 20211209080127.0 | ||
| 008 | 160813r20011986ii ||||| |||| 00| 0 ben d | ||
| 020 | _c: IRs 45.00 | ||
| 035 | _a(BD-RjUL)54597 | ||
| 040 |
_aBD-RjUL _bben _cBD-RjUL |
||
| 041 | _aben | ||
| 082 |
_223 _a891.442 _bDAK 2001 |
||
| 100 |
_aদত্ত, মাইকেল মধুসূদন _9146259 |
||
| 245 | 1 | 0 |
_aকৃষ্ণকুমারী : _b[ ভূমিকা, আলোচনা, মূল ও টীকাসহ ] / _cমাইকেল মধুসূদন দত্ত ; ভবানী গোপাল সান্যাল সম্পাদিত |
| 250 | _a৪র্থ সং. | ||
| 260 |
_aকলিকাতা : _bবি.বি. ব্রাদার্স, _c১৯৮৬ [পুনর্মুদ্রণ ২০০১] |
||
| 300 |
_a[৬], ৩০৫ পৃ. ; _c১৯ সেমি. |
||
| 650 |
_aবাংলা নাটক _9146260 |
||
| 650 |
_aBengali Drama _9146261 |
||
| 700 |
_aসান্যাল, ভবানীগোপাল, সম্পাদক _9126930 |
||
| 942 |
_2ddc _cBK _02 |
||
| 999 |
_c54475 _d54475 |
||